=LDR 00000nam 2200000 4500 =001 INLIS000000000027878 =005 20130612130224 =008 ***********************************Ind** =035 ##$$a0010-061300000027878 =041 ##$$a Ind =082 ##$$a 371 =090 ##$$a 371, Top s =100 ##$$a Topatimasang, Rum =245 ##$$a Sekolah itu candu, Rum Topatimasang; Penyunting, Toto Rahardjo =260 ##$$a 2004 $b Yogyakarta =300 ##$$a xv,139 hlm, ilus, 19 cm =650 ##$$a Sekolah =700 ##$$a Rahardjo, Toto =850 ##$$a NBPNMAT =990 ##$$a 0001/BPAP-NTB/20142014